01014cam a2200313 a 450000100060000000300100000600500170001600700030003300800410003602000180007702000150009504000260011008200160013608400110015210000340016324500700019725000120026730000200027933600270029933700330032633800280035949000190038750000450040665000450045194200120049699000490050899900170055795201260057458460CO-BoRNBP20250822210516.0ta190916s2019 ck gr 000 fdspa  a9789584279545 a9584279548 aCO-BoBNbspacCO-BoBN04aCo863.5223 aN BEC71 aBecerra, Angela,d1957-9229610aMemorias de un sinvergüenza de siete suelas /cÁngela Becerra a1a. ed. a459 p. ;c19 cm 2rdacontentatextobtxt 2rdamediaasin mediaciónbn 2rdacarrieravolumenbnc0 aBooket. Novela aIncluye datos biográficos de la autora14aNovela colombianaySiglo XXI2LEMB91602 2ddccBK a2019-7360bEditorial Planeta Colombiana S.A. c58460d58460 00102lcc40708GENaMESJUANIbMESJUANIcLITd2025-08-22l0oN BEC7pSJU02075r2025-08-22 21:05:43tEj.1w2025-08-22yBK